[Event "Laval op"]
[Site "Laval CAN"]
[Date "2025.06.22"]
[Round "4.10"]
[White "Barrera, Eduardo"]
[Black "Jiang, Barron Jiyu"]
[Result "1-0"]
[WhiteElo "1901"]
[BlackElo "2137"]
[WhiteFideId "-1"]
[WhiteFideId "-1"]
[PlyCount "83"]
[GameId "2192332180226079"]
[EventDate "2025.06.19"]
[EventType "swiss"]
[EventRounds "5"]
[EventCountry "CAN"]

1. e4 c5 2. Nf3 a6 3. c4 Nc6 4. d4 cxd4 5. Nxd4 Nf6 6. Nc3 e5 7. Nf5 d5 8. cxd5 Bxf5 9. exf5 Nd4 10. Bd3 Nxd5 11. O-O Be7 12. Be4 Nxc3 13. bxc3 Nc6 14. Rb1 Qc7 15. f4 O-O 16. Qh5 g6 17. Qg4 Rae8 18. fxg6 fxg6 19. f5 Bc5+ 20. Kh1 Qc8 21. Bh6 Rf6 22. Bg5 Rd6 23. Qe2 b6 24. fxg6 hxg6 25. Rf3 b5 26. a4 Na7 27. Rbf1 Qe6 28. Bh6 Qc4 29. Bd3 Qh4 30. Rh3 Qe7 31. axb5 axb5 32. Qf3 e4 33. Bxe4 Qd7 34. Bf8 Rde6 35. Bxc5 Rxe4 36. Bd4 Qf5 37. Qxf5 gxf5 38. Rh8+ Kf7 39. Rxe8 Kxe8 40. Bxa7 Rc4 41. Rxf5 Rc7 42. Bg1 1-0

[Event "Laval op"]
[Site "Laval CAN"]
[Date "2025.06.22"]
[Round "4.11"]
[White "Saine, Zachary"]
[Black "Qi, Jason"]
[Result "1-0"]
[WhiteElo "2132"]
[BlackElo "1718"]
[WhiteFideId "-1"]
[WhiteFideId "-1"]
[PlyCount "129"]
[GameId "2192332180226080"]
[EventDate "2025.06.19"]
[EventType "swiss"]
[EventRounds "5"]
[EventCountry "CAN"]

1. e4 c5 2. Nf3 e6 3. d4 cxd4 4. Nxd4 Nc6 5. Nc3 Qc7 6. Ncb5 Qb8 7. Bd3 a6 8. Nxc6 dxc6 9. Nd4 e5 10. Nb3 a5 11. a4 Nf6 12. Bg5 Be7 13. O-O O-O 14. h3 h6 15. Be3 b6 16. f4 exf4 17. Bxf4 Bd6 18. Bxh6 Be5 19. Bc1 c5 20. Qf3 Bb7 21. Nd2 Re8 22. Kh1 Qc7 23. Nc4 Bh2 24. Bf4 Bxf4 25. Qxf4 Qxf4 26. Rxf4 Nxe4 27. Nxb6 Rad8 28. Nc4 g5 29. Rf3 Bd5 30. Ne3 Nf2+ 31. Rxf2 Rxe3 32. Kh2 c4 33. Bf5 Rb8 34. Rd1 Bc6 35. Bd7 Be4 36. Bb5 c3 37. b3 f5 38. Rd7 Rb6 39. Bc4+ Kf8 40. Bd5 Ke8 41. Bxe4 Kxd7 42. Bxf5+ Ke7 43. Rf3 Rxf3 44. gxf3 Kf6 45. Be4 Rd6 46. Kg3 Rd1 47. f4 Rd2 48. fxg5+ Kxg5 49. Kf3 Kh4 50. Ke3 Kxh3 51. Bd3 Kg3 52. Kd4 Kf4 53. Kxc3 Rh2 54. Kd4 Rh8 55. Bc4 Rb8 56. c3 Kf5 57. Bd5 Kf6 58. Kc5 Ke5 59. b4 axb4 60. cxb4 Rc8+ 61. Bc6 Rd8 62. a5 Rd1 63. a6 Rc1+ 64. Kb6 Kd6 65. b5 1-0

[Event "Laval op"]
[Site "Laval CAN"]
[Date "2025.06.22"]
[Round "4.12"]
[White "Filion, Samuel"]
[Black "Zhu, Hong Rui"]
[Result "0-1"]
[WhiteElo "1975"]
[BlackElo "2329"]
[WhiteFideId "-1"]
[WhiteFideId "-1"]
[PlyCount "66"]
[GameId "2192332180226081"]
[EventDate "2025.06.19"]
[EventType "swiss"]
[EventRounds "5"]
[EventCountry "CAN"]

1. Nf3 c5 2. g3 Nc6 3. c4 g6 4. Bg2 Bg7 5. Nc3 e5 6. d3 Nge7 7. O-O d6 8. a3 a5 9. Rb1 O-O 10. Ne1 Be6 11. Bg5 h6 12. Bxe7 Qxe7 13. Nc2 Qd7 14. b4 axb4 15. axb4 f5 16. Bd5 Rab8 17. bxc5 dxc5 18. Rb5 b6 19. Qb1 e4 20. Rxb6 exd3 21. Bxc6 Qa7 22. Rxb8 Rxb8 23. Nb5 Qb6 24. Bf3 Bxc4 25. Nca3 Bxb5 26. Qb3+ Kh7 27. Rb1 d2 28. e3 Bc6 29. Qc2 Qxb1+ 30. Nxb1 Rxb1+ 31. Bd1 Be4 32. Qxd2 Bf3 33. h4 Rxd1+ 0-1

[Event "Laval op"]
[Site "Laval CAN"]
[Date "2025.06.22"]
[Round "4.13"]
[White "Pitre, Lucas"]
[Black "Mok, Yuen Tak"]
[Result "0-1"]
[WhiteElo "2031"]
[BlackElo "2090"]
[WhiteFideId "-1"]
[WhiteFideId "-1"]
[PlyCount "94"]
[GameId "2192332180226082"]
[EventDate "2025.06.19"]
[EventType "swiss"]
[EventRounds "5"]
[EventCountry "CAN"]

1. Nf3 d5 2. g3 g6 3. Bg2 Bg7 4. d4 c6 5. O-O Nf6 6. c4 dxc4 7. Qc2 O-O 8. Qxc4 Be6 9. Qb4 Nd5 10. Qxb7 Nb6 11. Bf4 Bc4 12. Bxb8 Rxb8 13. Qxc6 Bxe2 14. Re1 Bxf3 15. Qxf3 Qxd4 16. Nc3 Qb4 17. Rab1 e6 18. Ne4 Nd5 19. b3 Qa5 20. a4 Qb4 21. Rec1 Rbc8 22. Qd3 Rxc1+ 23. Rxc1 Rb8 24. Rb1 a5 25. Bf3 h6 26. Nd2 Nc3 27. Rc1 Qd4 28. Qxd4 Bxd4 29. Kg2 Kg7 30. Rc2 Rb6 31. h4 f5 32. g4 Kf6 33. gxf5 gxf5 34. Bh5 e5 35. Bf3 Rb8 36. Bh5 e4 37. Kh2 Ke6 38. Kg3 Bf6 39. Kg2 Rb6 40. Kh3 Nd5 41. Be8 Nf4+ 42. Kh2 Bxh4 43. Rc5 Bxf2 44. Rxa5 Be1 45. Re5+ Kf6 46. Nc4 Rxb3 47. Bd7 Bg3+ 0-1

[Event "Laval op"]
[Site "Laval CAN"]
[Date "2025.06.22"]
[Round "4.14"]
[White "Turcotte, Jonathan"]
[Black "Robichaud, Louis"]
[Result "1-0"]
[WhiteElo "2044"]
[BlackElo "2022"]
[WhiteFideId "-1"]
[WhiteFideId "-1"]
[PlyCount "125"]
[GameId "2192332180226083"]
[EventDate "2025.06.19"]
[EventType "swiss"]
[EventRounds "5"]
[EventCountry "CAN"]

1. d4 Nf6 2. c4 g6 3. Nc3 Bg7 4. e4 d6 5. Be2 O-O 6. Nf3 e5 7. O-O exd4 8. Nxd4 Re8 9. f3 Nc6 10. Be3 Nh5 11. g4 Nf4 12. Nxc6 Nxe2+ 13. Qxe2 bxc6 14. Qd2 Qe7 15. Bd4 Bxd4+ 16. Qxd4 c5 17. Qd2 Be6 18. b3 a6 19. Rf2 c6 20. Rd1 Rad8 21. Qf4 g5 22. Qe3 Qf6 23. Rfd2 Qe5 24. Rd3 Kf8 25. Qf2 Ke7 26. Ne2 h5 27. gxh5 Rh8 28. Ng3 Rh6 29. Qd2 Bc8 30. Kg2 Rf6 31. a3 g4 32. Rf1 gxf3+ 33. Rfxf3 Rxf3 34. Rxf3 Rg8 35. Kh1 Bh3 36. Qc3 Qg5 37. b4 cxb4 38. axb4 Ke6 39. c5 d5 40. exd5+ Qxd5 41. Qf6+ Kd7 42. Qxf7+ Qxf7 43. Rxf7+ Ke6 44. Rf2 Rd8 45. Re2+ Kf7 46. Kg1 Rd1+ 47. Kf2 Rb1 48. Re4 Rb2+ 49. Ke3 Rb3+ 50. Kf4 Bg2 51. Rd4 Bd5 52. Kg5 Rb2 53. Rh4 Kg7 54. h6+ Kh7 55. Ne4 Rg2+ 56. Kf5 Ba2 57. Nf6+ Kh8 58. h3 Bb1+ 59. Ke6 Re2+ 60. Kd6 Rf2 61. Nd7 Rd2+ 62. Kxc6 Bd3 63. Kb6 1-0

[Event "Laval op"]
[Site "Laval CAN"]
[Date "2025.06.22"]
[Round "4.15"]
[White "Iordanescu, Victor Nicolae"]
[Black "Desjardins, Michel"]
[Result "1-0"]
[WhiteElo "2041"]
[BlackElo "1946"]
[WhiteFideId "-1"]
[WhiteFideId "-1"]
[PlyCount "77"]
[GameId "2192332180226084"]
[EventDate "2025.06.19"]
[EventType "swiss"]
[EventRounds "5"]
[EventCountry "CAN"]

1. Nf3 d5 2. g3 Nf6 3. Bg2 c6 4. c4 d4 5. b4 e5 6. Nxe5 Bxb4 7. O-O O-O 8. Bb2 Bc5 9. d3 Qd6 10. Nf3 Bb6 11. c5 Bxc5 12. Nbd2 Bg4 13. Qc2 Bxf3 14. Bxf3 Na6 15. Rfc1 Rfd8 16. Nb3 Bb6 17. a4 Nb4 18. Qd2 a5 19. Ba3 Rd7 20. Bxb4 axb4 21. a5 Bd8 22. Nc5 Rc7 23. Qxb4 Nd7 24. Qc4 Ne5 25. Qc2 Nxf3+ 26. exf3 Re7 27. a6 bxa6 28. Rxa6 Rxa6 29. Nxa6 g6 30. Qxc6 Re1+ 31. Kg2 Qxc6 32. Rxc6 Ba5 33. Rc4 Bc3 34. f4 Kg7 35. Kf3 h5 36. h4 Kf6 37. Nc5 Rd1 38. Nb3 Rxd3+ 39. Ke2 1-0

[Event "Laval op"]
[Site "Laval CAN"]
[Date "2025.06.22"]
[Round "4.16"]
[White "Nassif, Aba"]
[Black "Hu, Raymond"]
[Result "1-0"]
[WhiteElo "2043"]
[BlackElo "1944"]
[WhiteFideId "-1"]
[WhiteFideId "-1"]
[PlyCount "65"]
[GameId "2192332180226085"]
[EventDate "2025.06.19"]
[EventType "swiss"]
[EventRounds "5"]
[EventCountry "CAN"]

1. e4 c5 2. a3 Nc6 3. b4 cxb4 4. axb4 Nxb4 5. c3 Nc6 6. d4 d5 7. exd5 Qxd5 8. Na3 e6 9. Nb5 Bd6 10. Qg4 Kf8 11. Nxd6 Nge7 12. Nxc8 Rxc8 13. Qf3 Qb3 14. Bd2 Qb2 15. Qd1 Qb6 16. Nf3 f6 17. Rb1 Qc7 18. Qb3 Nd8 19. Bd3 Kf7 20. O-O h5 21. h4 Nd5 22. Rfe1 b6 23. Re4 Qd6 24. c4 Nc7 25. Bb4 Qd7 26. d5 Re8 27. Re5 g6 28. Rg5 Rg8 29. Qc2 Rg7 30. dxe6+ Ndxe6 31. Rxg6 Rxg6 32. Bxg6+ Kg7 33. Rd1 1-0

[Event "Laval op"]
[Site "Laval CAN"]
[Date "2025.06.22"]
[Round "4.17"]
[White "Dube, Daniel"]
[Black "Genzling, Jerome"]
[Result "1/2-1/2"]
[WhiteElo "1896"]
[BlackElo "2182"]
[WhiteFideId "-1"]
[WhiteFideId "-1"]
[PlyCount "116"]
[GameId "2192332180226086"]
[EventDate "2025.06.19"]
[EventType "swiss"]
[EventRounds "5"]
[EventCountry "CAN"]

1. Nf3 d5 2. g3 Nf6 3. Bg2 Bg4 4. O-O c6 5. Ne5 Bf5 6. d4 Nbd7 7. c4 e6 8. Nxd7 Qxd7 9. Qb3 Bd6 10. Nc3 h6 11. Re1 O-O 12. e4 dxe4 13. Nxe4 Be7 14. Nxf6+ Bxf6 15. d5 exd5 16. cxd5 c5 17. a4 Rfe8 18. Bd2 b6 19. Bc3 Qd6 20. Bxf6 Qxf6 21. Qb5 Red8 22. Re3 a6 23. Qe2 Ra7 24. Re5 Rad7 25. Re1 a5 26. Qf3 Bc2 27. Qa3 Rd6 28. R1e2 Bf5 29. Qc3 Bd7 30. b3 Rc8 31. Qc4 Rd8 32. Qc2 g6 33. Qd2 Kg7 34. h4 h5 35. Re1 Bc6 36. f4 Bd7 37. Qc3 Bf5 38. Qe3 Rc8 39. Rc1 Rdd8 40. Kh2 Bd7 41. Qc3 Bf5 42. Qe3 Kh7 43. Qc3 Rd6 44. Qe3 Rcd8 45. Qc3 Bc8 46. Be4 Kg8 47. Bg2 Bb7 48. Rd1 Kg7 49. Qc4 Ra8 50. Qe4 Bc8 51. Bh3 Bxh3 52. Kxh3 Rad8 53. f5 g5 54. Qe3 g4+ 55. Kg2 Qh6 56. Qc3 Qf6 57. Qe3 Qh6 58. Qc3 Qf6 1/2-1/2

[Event "Laval op"]
[Site "Laval CAN"]
[Date "2025.06.22"]
[Round "4.18"]
[White "Wu, Ting En Ryan"]
[Black "Beaupre, Eugene jr"]
[Result "1/2-1/2"]
[WhiteElo "1896"]
[BlackElo "2040"]
[WhiteFideId "-1"]
[WhiteFideId "-1"]
[PlyCount "197"]
[GameId "2192332180226087"]
[EventDate "2025.06.19"]
[EventType "swiss"]
[EventRounds "5"]
[EventCountry "CAN"]

1. e4 c6 2. d4 d5 3. Nc3 dxe4 4. Nxe4 Nf6 5. Nxf6+ exf6 6. Bc4 Bd6 7. Qe2+ Be7 8. Nf3 O-O 9. O-O Bd6 10. Re1 a5 11. h3 Na6 12. a3 Nc7 13. Bd2 Re8 14. Qf1 Be6 15. Bd3 Nd5 16. c4 Nf4 17. Bc2 Qd7 18. Bxf4 Bxf4 19. Qe2 g6 20. Qe4 Bc7 21. Qd3 Rad8 22. Ba4 Qd6 23. Re3 Bf5 24. Qe2 Rxe3 25. Qxe3 Bd7 26. c5 Qe6 27. Re1 Qf5 28. g4 Qf4 29. Qxf4 Bxf4 30. Bb3 Kf8 31. a4 h5 32. gxh5 Bxh3 33. hxg6 fxg6 34. Be6 Bxe6 35. Rxe6 Kf7 36. Re4 g5 37. Nh4 Rd5 38. Nf3 f5 39. Re2 g4 40. Nh4 Bg5 41. Ng2 Rxd4 42. b3 Rd3 43. Rb2 Rd1+ 44. Kh2 f4 45. b4 f3 46. bxa5 fxg2 47. Rxb7+ Ke6 48. Kxg2 Rd4 49. Rc7 Rxa4 50. Rxc6+ Kd5 51. Rc8 Bh4 52. Rh8 Be7 53. Rh5+ Kc6 54. f3 gxf3+ 55. Kxf3 Bxc5 56. Rh6+ Bd6 57. Rh5 Bc5 58. Rh6+ Kb5 59. a6 Bb6 60. Rh5+ Kxa6 61. Rf5 Kb7 62. Rf6 Bc5 63. Rg6 Kc7 64. Rg5 Bd6 65. Rg7+ Kc6 66. Rg6 Kd5 67. Rg4 Ra3+ 68. Ke2 Be5 69. Rg8 Ke4 70. Rd8 Re3+ 71. Kf2 Rh3 72. Rg8 Ra3 73. Re8 Ra2+ 74. Kf1 Kf4 75. Rf8+ Kg3 76. Re8 Bf4 77. Re2 Bd2 78. Rg2+ Kh3 79. Re2 Kg3 80. Rg2+ Kf3 81. Rf2+ Ke3 82. Kg2 Ra8 83. Rf3+ Ke4 84. Rb3 Ra2 85. Rh3 Be3+ 86. Kf1 Rf2+ 87. Ke1 Kd3 88. Rh7 Rg2 89. Rf7 Rg1+ 90. Rf1 Rg7 91. Rf6 Bd4 92. Rf3+ Ke4 93. Rf8 Rg3 94. Re8+ Kd3 95. Rf8 Rg4 96. Rf3+ Be3 97. Rf7 Rg1+ 98. Rf1 Rxf1+ 99. Kxf1 1/2-1/2

[Event "Laval op"]
[Site "Laval CAN"]
[Date "2025.06.22"]
[Round "4.19"]
[White "Han, Ruochong"]
[Black "Desforges, Jean"]
[Result "0-1"]
[WhiteElo "1661"]
[BlackElo "2003"]
[WhiteFideId "-1"]
[WhiteFideId "-1"]
[PlyCount "47"]
[GameId "2192332180226088"]
[EventDate "2025.06.19"]
[EventType "swiss"]
[EventRounds "5"]
[EventCountry "CAN"]

1. d4 d5 2. Bf4 Nf6 3. Nf3 e6 4. e3 c5 5. c3 Bd6 6. Bg3 O-O 7. Bd3 b6 8. O-O Ba6 9. Bxd6 Qxd6 10. Re1 Bxd3 11. Qxd3 Nc6 12. Nbd2 Rfe8 13. e4 dxe4 14. Nxe4 Nxe4 15. Rxe4 cxd4 16. Nxd4 f5 17. Re3 Nxd4 18. cxd4 Rad8 19. Rd1 Qd5 20. Qa3 Rd7 21. h3 Kf7 22. Rdd3 g6 23. Re5 Qc4 24. d5 0-1

[Event "Laval op"]
[Site "Laval CAN"]
[Date "2025.06.22"]
[Round "4.21"]
[White "Bain-Thouverez, Aurelien"]
[Black "Lesage, Philippe"]
[Result "1-0"]
[WhiteElo "1938"]
[BlackElo "1878"]
[WhiteFideId "-1"]
[WhiteFideId "-1"]
[PlyCount "86"]
[GameId "2192332180226089"]
[EventDate "2025.06.19"]
[EventType "swiss"]
[EventRounds "5"]
[EventCountry "CAN"]

1. Nf3 e6 2. g3 d5 3. Bg2 c5 4. O-O Nc6 5. d4 Nf6 6. c4 dxc4 7. Qa4 Bd7 8. dxc5 Bxc5 9. Qxc4 Qb6 10. Nc3 Na5 11. Qf4 Qa6 12. Ne5 Nb3 13. Nxd7 Nxd7 14. axb3 Qxa1 15. Bxb7 Rd8 16. Qg4 Qa5 17. Qxg7 Rf8 18. Ne4 Be7 19. Bc6 Qc7 20. Ba4 Qc2 21. Qxh7 Qxe2 22. Bh6 Qh5 23. Qg7 Qg6 24. Qxg6 fxg6 25. Bxf8 Kxf8 26. Re1 Ne5 27. Kg2 Nd3 28. Re2 Kf7 29. Bb5 Nb4 30. Bc4 Nd5 31. Nc3 Nc7 32. h4 Bf6 33. Ne4 Be7 34. b4 Nd5 35. b5 Bxh4 36. gxh4 Nf4+ 37. Kf3 Nxe2 38. Bxe2 Rd5 39. Kf4 Rxb5 40. Kg3 Re5 41. f3 Kg7 42. Bc4 Kf7 43. b3 Ke7 {illisible} 1-0

[Event "Laval op"]
[Site "Laval CAN"]
[Date "2025.06.22"]
[Round "4.23"]
[White "Di Matteo, Alessio"]
[Black "Zhang, Yitian"]
[Result "1-0"]
[WhiteElo "1996"]
[BlackElo "1892"]
[WhiteFideId "-1"]
[WhiteFideId "-1"]
[PlyCount "75"]
[GameId "2192332180226091"]
[EventDate "2025.06.19"]
[EventType "swiss"]
[EventRounds "5"]
[EventCountry "CAN"]

1. d4 d5 2. c4 e6 3. Nc3 Nf6 4. cxd5 exd5 5. Bg5 Be7 6. e3 c6 7. Bd3 O-O 8. Nge2 Nbd7 9. O-O Re8 10. a4 h6 11. Bh4 Ne4 12. Bxe7 Qxe7 13. Bxe4 dxe4 14. d5 Nb6 15. dxc6 bxc6 16. a5 Nd7 17. Qa4 Rb8 18. Rfb1 Ba6 19. b4 Bb5 20. Nxb5 cxb5 21. Qb3 a6 22. Nd4 Rbc8 23. Rd1 Nf6 24. Rac1 Qb7 25. h3 Rxc1 26. Rxc1 Rc8 27. Rc5 Nd7 28. Rxc8+ Qxc8 29. Nf5 Qc1+ 30. Kh2 Qc7+ 31. g3 Ne5 32. Qd5 Nf3+ 33. Kg2 Qe5 34. Qd8+ Kh7 35. Ne7 h5 36. h4 g6 37. Qg8+ Kh6 38. Qxf7 1-0

[Event "Laval op"]
[Site "Laval CAN"]
[Date "2025.06.22"]
[Round "4.24"]
[White "Chang-Solomon, Donnell"]
[Black "Vaillant, Charles-Etienne"]
[Result "0-1"]
[WhiteElo "1289"]
[BlackElo "1899"]
[WhiteFideId "-1"]
[WhiteFideId "-1"]
[PlyCount "78"]
[GameId "2192332180226092"]
[EventDate "2025.06.19"]
[EventType "swiss"]
[EventRounds "5"]
[EventCountry "CAN"]

1. e4 c5 2. Nf3 e6 3. d4 cxd4 4. Nxd4 Nf6 5. Nc3 Nc6 6. Bg5 h6 7. Bh4 Bb4 8. Qd3 Ne5 9. Qg3 Ng6 10. e5 Nxh4 11. Qxh4 g5 12. Qg3 Ne4 13. Qe3 Qa5 14. Nde2 Nxc3 15. bxc3 Be7 16. Nd4 a6 17. Be2 b5 18. Bf3 Rb8 19. Bh5 Bb7 20. O-O Rc8 21. Rad1 Rxc3 22. Rd3 Rxd3 23. cxd3 Qb6 24. Rc1 Bc5 25. Rxc5 Qxc5 26. f4 Rg8 27. f5 Bd5 28. Bxf7+ Kxf7 29. fxe6+ dxe6 30. Kf1 Ke8 31. Ke2 Rf8 32. h4 Qe7 33. Nc2 Bxg2 34. Kd2 Bd5 35. Qe2 gxh4 36. Qh5+ Qf7 37. Qxh6 Qf4+ 38. Qxf4 Rxf4 39. Ke2 h3 0-1

[Event "Laval op"]
[Site "Laval CAN"]
[Date "2025.06.22"]
[Round "4.25"]
[White "Jean, Lucas"]
[Black "Ivanov Yuan, Maksim"]
[Result "1-0"]
[WhiteElo "1756"]
[BlackElo "1878"]
[WhiteFideId "-1"]
[WhiteFideId "-1"]
[PlyCount "67"]
[GameId "2192332180226093"]
[EventDate "2025.06.19"]
[EventType "swiss"]
[EventRounds "5"]
[EventCountry "CAN"]

1. b4 f5 2. Bb2 Nf6 3. e3 g6 4. c4 Bg7 5. Nf3 d6 6. d4 O-O 7. Qb3 Kh8 8. Nc3 c6 9. Rc1 Qe8 10. d5 e5 11. c5 f4 12. e4 Bg4 13. cxd6 Bxf3 14. gxf3 Qd7 15. b5 c5 16. b6 a5 17. Nb5 Ne8 18. Nc7 a4 19. Qc3 a3 20. Ba1 Nxc7 21. dxc7 Na6 22. Bxa6 Rxa6 23. Qxc5 Raa8 24. d6 Rfe8 25. Qd5 Rac8 26. Ke2 g5 27. h3 Re6 28. Rhd1 h6 29. Rd3 Kh7 30. Qxb7 Bf8 31. Qxc8 Qxc8 32. d7 Qa6 33. d8=Q Rd6 34. Qxd6 1-0

[Event "Laval op"]
[Site "Laval CAN"]
[Date "2025.06.22"]
[Round "4.26"]
[White "Page, Dany"]
[Black "Dukkardt, Vladimir"]
[Result "1/2-1/2"]
[WhiteElo "1868"]
[BlackElo "1842"]
[WhiteFideId "-1"]
[WhiteFideId "-1"]
[PlyCount "62"]
[GameId "2192332180226094"]
[EventDate "2025.06.19"]
[EventType "swiss"]
[EventRounds "5"]
[EventCountry "CAN"]

1. d4 Nf6 2. Nf3 c5 3. d5 b5 4. Bg5 Qb6 5. Bxf6 gxf6 6. e3 Bg7 7. c3 a5 8. Na3 Ba6 9. Qb3 b4 10. Nc4 Bxc4 11. Bxc4 a4 12. Qc2 f5 13. O-O Qf6 14. Rac1 O-O 15. e4 fxe4 16. Qxe4 Ra7 17. Bd3 Qg6 18. Qc4 Qd6 19. Qh4 f5 20. Rfe1 Qf6 21. Rxe7 Qxh4 22. Nxh4 Bf6 23. Nxf5 Bxe7 24. Nxe7+ Kh8 25. cxb4 cxb4 26. Rc4 Rb7 27. Rh4 Rf7 28. d6 Rb6 29. Rg4 Rf8 30. Rh4 Rf7 31. Rg4 Rf8 1/2-1/2

[Event "Laval op"]
[Site "Laval CAN"]
[Date "2025.06.20"]
[Round "5.1"]
[White "Rodrigue-Lemieux, Shawn"]
[Black "Batorshyn, Ilia"]
[Result "1-0"]
[Annotator "hugh_"]
[WhiteElo "2514"]
[BlackElo "2183"]
[WhiteFideId "-1"]
[WhiteFideId "-1"]
[PlyCount "85"]
[GameId "2190926000111616"]
[EventDate "2025.06.19"]
[EventType "swiss"]
[EventRounds "5"]
[EventCountry "CAN"]

{[%evp 0,83,19,25,17,9,-35,4,-40,-1,28,2,19,33,35,23,41,29,87,-61,59,67,59,37,-49,32,37,20,57,-9,0,-13,-28,-27,-18,-29,-186,-27,-21,20,-4,14,6,-16,-7,-10,-6,-20,-31,-71,-66,-7,-27,17,-62,18,97,82,147,110,127,135,115,155,182,37,140,127,146,156,123,141,211,207,221,177,213,87,251,266,268,106,290,104,243,276]} 1. c4 e6 2. g3 d5 3. Bg2 Nf6 4. Nf3 Be7 5. O-O c5 6. cxd5 exd5 7. d4 O-O 8. Nc3 cxd4 9. Nxd4 Nc6 10. Be3 Be6 11. Nxc6 bxc6 12. Na4 Qd7 13. Bc5 Bh3 14. Qd4 Bxg2 15. Kxg2 Rfe8 16. Rfd1 Qf5 17. Bxe7 Rxe7 18. Qd3 Qh5 19. Nc3 Ng4 20. h3 Ne5 21. Qd4 a5 22. b3 Re6 23. Rac1 f5 24. Qh4 Qxh4 25. gxh4 Ng6 26. Rd4 c5 27. Rd2 Rd8 28. Na4 Nxh4+ 29. Kf1 Rc6 30. Rxc5 Rxc5 31. Nxc5 Kf7 32. Nb7 Rd7 33. Nxa5 Rc7 34. e3 Ke6 35. Ke2 Ng6 36. b4 Ne5 37. f4 Nd7 38. Kd3 Rc1 39. Nb3 Rh1 40. Nd4+ Kf6 41. Rc2 Rd1+ 42. Ke2 Ra1 43. b5 1-0

[Event "Laval op"]
[Site "Laval CAN"]
[Date "2025.06.22"]
[Round "5.2"]
[White "Dukic, Zachary"]
[Black "Chiku-Ratte, Olivier-Kenta"]
[Result "1/2-1/2"]
[Annotator "hugh_"]
[WhiteElo "2191"]
[BlackElo "2303"]
[WhiteFideId "-1"]
[WhiteFideId "-1"]
[PlyCount "165"]
[GameId "2191629758205952"]
[EventDate "2025.06.19"]
[EventType "swiss"]
[EventRounds "5"]
[EventCountry "CAN"]

{[%evp 0,144,12,26,44,-5,12,17,26,18,25,31,23,25,40,22,52,16,23,-55,-48,-64,-57,-38,-31,-18,-15,-57,-69,-67,-89,-85,-104,-106,-95,-83,-137,-85,-83,-95,-84,-73,-73,-120,-118,-103,-101,-122,-67,-128,-116,-163,-138,-147,-139,-133,-121,-139,-175,-194,-172,-129,-242,-309,-140,-136,-209,-146,-105,-71,-108,-87,-72,-23,-46,-27,-7,-8,-9,-8,32,77,-30,-8,30,-27,28,28,75,240,52,136,170,62,37,51,71,-16,0,22,38,91,91,91,92,8,64,75,78,75,74,71,48,58,51,66,58,80,72,73,55,56,67,62,63,61,59,64,66,68,71,69,109,61,92,59,69,55,65,69,59,-1,73,83,7,1,0]} 1. Nf3 d5 2. g3 Nd7 3. d4 Nb6 4. Nc3 Bf5 5. Nh4 e6 6. Nxf5 exf5 7. Qd3 Qd7 8. a4 a5 9. g4 fxg4 10. h3 Bb4 11. hxg4 Qxg4 12. Bd2 Qg6 13. Qxg6 fxg6 14. e3 Nf6 15. Bd3 O-O 16. b3 Ng4 17. O-O c6 18. Rae1 Rae8 19. Kg2 Rf7 20. Re2 Ref8 21. Nd1 Bxd2 22. Rxd2 Nh6 23. c4 Nf5 24. Rh1 g5 25. c5 Nd7 26. b4 axb4 27. Rb2 Nh4+ 28. Kf1 Nf6 29. Rg1 Nf3 30. Rg3 g4 31. Bf5 Nh5 32. Rxf3 gxf3 33. Be6 Re8 34. Bxf7+ Kxf7 35. Rxb4 Re7 36. Nb2 Nf6 37. Nd3 Ke6 38. Ne5 Ne4 39. Nxf3 Rf7 40. Kg2 g5 41. Rb2 g4 42. Ne5 Rg7 43. a5 Nxc5 44. Nxc6 bxc6 45. dxc5 Ra7 46. Rb6 Rxa5 47. Rxc6+ Ke5 48. Rh6 Rxc5 49. Rxh7 Rc1 50. Rh5+ Ke6 51. Rg5 g3 52. Kxg3 Rc3 53. Rg4 Kf5 54. Ra4 Rb3 55. Kf3 Rb2 56. Ra5 Ke5 57. Kg3 Re2 58. Ra4 Kf5 59. Rh4 Rd2 60. Kf3 Ke5 61. Rh5+ Ke6 62. Rh8 Ke5 63. Re8+ Kf5 64. Rf8+ Ke5 65. Kg4 Re2 66. Re8+ Kf6 67. f3 Ra2 68. Rd8 Ke6 69. Re8+ Kf6 70. Rh8 Ra4+ 71. f4 Ra3 72. Re8 Kf7 73. Re5 Kf6 74. Re8 Kf7 75. Re5 Kf6 76. Rxd5 Rxe3 77. Rd6+ Ke7 78. Ra6 Kf7 79. Kg5 Rg3+ 80. Kf5 Rb3 81. Rf6+ Kg7 82. Re6 Kf7 83. Rf6+ 1/2-1/2

[Event "Laval op"]
[Site "Laval CAN"]
[Date "2025.06.22"]
[Round "5.3"]
[White "Zheng, Richard"]
[Black "Saine, Zachary"]
[Result "1/2-1/2"]
[Annotator "hugh_"]
[WhiteElo "2302"]
[BlackElo "2011"]
[WhiteFideId "-1"]
[WhiteFideId "-1"]
[PlyCount "156"]
[GameId "2191629758214144"]
[EventDate "2025.06.19"]
[EventType "swiss"]
[EventRounds "5"]
[EventCountry "CAN"]

{[%evp 0,89,13,32,9,23,12,36,14,4,10,6,5,1,7,-19,8,6,11,-11,-10,-17,17,43,43,18,-45,14,30,41,94,74,98,63,61,43,28,26,19,15,36,34,46,69,94,60,60,57,64,104,113,96,93,81,83,86,105,69,82,29,97,114,103,91,110,78,100,102,122,86,18,77,42,73,-15,62,75,77,110,149,173,277,163,185,111,170,187,304,207,184,126,168]} 1. Nf3 d5 2. e3 Nf6 3. c4 e6 4. Nc3 Bd6 5. b3 O-O 6. Bb2 Nc6 7. d4 dxc4 8. Bxc4 e5 9. dxe5 Nxe5 10. Be2 Nfg4 11. Nxe5 Nxe5 12. Ne4 Bb4+ 13. Kf1 Qxd1+ 14. Rxd1 Ng4 15. h3 Nh6 16. Bf3 f6 17. Nc3 c6 18. Ne2 a5 19. Nf4 Be7 20. Be2 Rd8 21. Bc4+ Kf8 22. Ke2 Nf7 23. Ne6+ Bxe6 24. Bxe6 Rxd1 25. Rxd1 Rd8 26. Bf5 Rxd1 27. Kxd1 h6 28. Ke2 Bc5 29. Bc3 b6 30. Be4 Nd8 31. Kf3 Kf7 32. h4 Ke6 33. g4 Nf7 34. Kg3 Kd6 35. Kf4 Kd7 36. Bd3 Bb4 37. Bd4 c5 38. Bb2 Be1 39. Bb5+ Kd6 40. Kf3 c4 41. Bxc4 Ne5+ 42. Ke2 Nxc4 43. bxc4 Bb4 44. f3 a4 45. Bd4 Kc6 46. g5 hxg5 47. hxg5 Be7 48. g6 b5 49. Kd3 b4 50. e4 Bf8 51. f4 Be7 52. e5 f5 53. e6 Kd6 54. c5+ Kxe6 55. Kc4 b3 56. axb3 axb3 57. Bxg7 Bf8 58. Bd4 Bh6 59. Kxb3 Bxf4 60. Kc4 Bb8 61. c6 f4 62. Kd3 Bd6 63. Ke4 Bc7 64. Kf3 Bb8 65. Kg4 Bd6 66. Kg5 f3 67. Kh6 Bf8+ 68. Kh7 Kd6 69. Kg8 Bh6 70. Kh7 Bf8 71. Bc5+ Kxc6 72. Bxf8 f2 73. g7 f1=Q 74. g8=Q Qh3+ 75. Bh6 Qf5+ 76. Kh8 Qf6+ 77. Kh7 Qf5+ 78. Kg7 Qg4+ 1/2-1/2